Romances y letrillas / (Record no. 106107)

MARC details
000 -LEADER
campo de control de longitud fija 00701nam a2200205 i 4500
001 - NÚMERO DE CONTROL
campo de control 106107
003 - IDENTIFICADOR DE NÚMERO DE CONTROL
campo de control ES-MaACL
007 - CAMPO FIJO DE DESCRIPCIÓN FÍSICA--INFORMACIÓN GENERAL
campo de control de longitud fija t|
008 - DATOS DE LONGITUD FIJA--INFORMACIÓN GENERAL
campo de control de longitud fija 060927s1939 ag ||||1| spa d
080 ## - NÚMERO DE LA CLASIFICACIÓN DECIMAL UNIVERSAL
Número de la Clasificación Decimal Universal 821.134.2-14"15"
100 1# - ENTRADA PRINCIPAL--NOMBRE DE PERSONA
Nombre de persona Góngora y Argote, Luis de.
9 (RLIN) 58246
245 10 - MENCIÓN DEL TÍTULO
Título Romances y letrillas /
Mención de responsabilidad, etc. Luis de Góngora.
260 ## - PUBLICACIÓN, DISTRIBUCIÓN, ETC.
Lugar de publicación, distribución, etc. Buenos Aires :
Nombre del editor, distribuidor, etc. Losada,
Fecha de publicación, distribución, etc. [1939]
300 ## - DESCRIPCIÓN FÍSICA
Extensión 268 p. ;
Dimensiones 18 cm.
490 1# - MENCIÓN DE SERIE
Mención de serie Las cien obras maestras de la literatura y del pensamiento universal ;
Designación de volumen o secuencia 15
500 ## - NOTA GENERAL
Nota general Biblioteca Juan Andrade.
830 0# - PUNTO DE ACCESO ADICIONAL DE SERIE-TÍTULO UNIFORME
Título uniforme Las cien obras maestras de la literatura y del pensamiento universal ;
Designación de volumen o secuencia 15
9 (RLIN) 232814
852 ## - LOCALIZACIÓN
Ubicación ES-MaACL
Número de control de estantería AND-786
Sublocalización o colección R.110081
Holdings
Estatus retirado Estado de pérdida Estado de daño No para préstamo Biblioteca de origen Biblioteca actual Ubicación en estantería Fecha de adquisición Fuente de adquisición Total de préstamos Signatura topográfica completa Código de barras Visto por última vez Precio de reemplazo Tipo de ítem Koha
        Biblioteca del Ateneo de Madrid Biblioteca del Ateneo de Madrid Depósito 2 17/01/2008     AND-786 1110770 23/02/2023 23/02/2023 Libro impreso